Confederation winners, World Cup failures - Statistics

General Stats
  • This quiz has been taken 24 times
  • The average score is 4 of 5
Answer Stats
Confederation cup Winning year Answer % Correct
Asian Cup 2019 Qatar
86%
OFC Nations Cup 2012 Tahiti
86%
Africa Cup of Nations 1962 Ethiopia
81%
Africa Cup of Nations 1970 Sudan
76%
Africa Cup of Nations 2012 Zambia
76%
No matching quizzes found
Score Distribution
Percent of People with Each Score
Percentile by Number Answered
Your Score History
You have not taken this quiz